000 00693nam a22002057a 4500
999 _c12938
_d12938
003 AR-CdUCM
008 190410b ||||| |||| 00| 0 spa d
040 _aMUNICIPALIDAD PROVINCIAL DEL CUSCO
_cBIBLIOTECA MUNICIPAL DEL CUSCO
082 _a985 /
_bB38
100 _aPareja Paz Soldán, José
_93671
245 _aEl maestro Belaúnde /
260 _aLima :
_bEdit. Universitaria,
_c1968.
300 _a248 paginas ;
_c16 retratos,
_e1968.
505 _aContenido :Vida y personalidad del maestro --El pensamiento del maestro --apéndices /
650 _aHistoriadores
_919833
650 _aPerú
_935
650 _aBibliografía
_91484
942 _2ddc
_cLIBROS
945 _arjall
_d2019-04-10